| Tag |
First Indicator |
Second Indicator |
Subfields |
| LEADER |
00000cam a22000008a 4500 |
| 001 |
in00004486607 |
| 005 |
20210818135140.0 |
| 008 |
930817s1994 nyua 001 0 eng |
| 010 |
|
|
|a 93033984
|
| 020 |
|
|
|a 0679746870
|
| 035 |
|
|
|a (OCoLC)28798943
|
| 035 |
|
|
|9 AAG1524MS
|
| 035 |
|
|
|z (UtOrBLW)19347
|
| 035 |
|
|
|a 31709
|
| 040 |
|
|
|a DLC
|c DLC
|d JBO
|d TMV
|d UtOrBLW
|
| 043 |
|
|
|a n-us---
|
| 049 |
|
|
|a TMVM
|c 1
|
| 050 |
0 |
0 |
|a QL76.5.U6
|b M37 1993
|
| 082 |
0 |
0 |
|a 590/.74/473
|2 20
|
| 096 |
|
|
|a QL 76.5 U6
|b M367z 1994
|
| 100 |
1 |
|
|a Marshall, Anthony D.
|
| 245 |
1 |
0 |
|a Zoo :
|b profiles of 102 zoos, aquariums, and wildlife parks in the United States /
|c by Anthony D. Marshall.
|
| 250 |
|
|
|a First edition.
|
| 264 |
|
1 |
|a New York :
|b Random House,
|c [1994]
|
| 264 |
|
4 |
|c ©1994
|
| 300 |
|
|
|a xi, 318 pages :
|b illustrations ;
|c 21 cm.
|
| 336 |
|
|
|a text
|2 rdacontent
|b txt
|
| 337 |
|
|
|a unmediated
|2 rdamedia
|
| 338 |
|
|
|a volume
|2 rdacarrier
|b nc
|
| 500 |
|
|
|a Includes index.
|
| 505 |
0 |
|
|a Introducing the zoo -- Zoos past, present and future -- Background -- What, really, is a zoo? -- Future: zoos are our conscience -- Conservation and education -- Ecotourism, ecotravel and eco-education -- Zoo/aquarium visit checklist -- Zoos and aquariums -- High- and low-profile animals -- Director's choice: zoo and aquarium directors' (and some former directors') favorite exhibits -- New York Zoological Society's education programs: a sampler -- Zoo camp -- Early education: Pablo Python -- For high school students: Wize -- Teacher training: HELP -- Career assistance -- Habitat: at the center of zoo education -- Traveling to see animals -- Eco-education -- Ecotourism -- Publications -- Zoo/aquarium ecotravel programs -- Tour operators accredited by the AAZPA -- List of zoos and aquariums by state.
|
| 650 |
|
2 |
|a Animals, Zoo
|z United States
|v Guidebooks.
|
| 999 |
|
|
|a MARS
|
| 999 |
f |
f |
|s 2e534fc4-c5a0-3004-9968-73b2b9d061eb
|i 3de8430a-83a8-34ae-81d3-479908b7d63e
|t 0
|
| 952 |
f |
f |
|p preservation
|a Texas A&M University
|b J.J. Pickle Campus
|c High Density Repository
|d Remote Storage
|t 0
|e QL 76.5 U6 M367z 1994
|h National Library of Medicine classification
|i unmediated -- volume
|m 3238901066544
|
| 998 |
f |
f |
|a QL 76.5 U6 M367z 1994
|t 0
|l Remote Storage
|